Allgemeinwissen-Quiz #67 - Statistiken

Allgemein
  • Dieses Quiz wurde 120 mal gespielt
  • Das Durchschnittsergebnis liegt bei 13 aus 20
Antwortstatistiken
Frage Antwort % Korrekt
Welches Logo zeigt die Marke Patagonia?
93%
Wie lautet die Endung der Internetseiten von Österreich? .at
93%
Welches bekannte Museum wurde gegen Ende Oktober 2025 ausgeraubt? Das Louvre Museum
93%
Wie heisst das Videospiel WoW ausgeschrieben bzw. übersetzt? World of Warcraft
93%
Was ergibt √49 + 88? 95
90%
Wenn Köche vom "Stocken" sprechen, was meinen sie damit? Das Festwerden einer Masse
86%
Wie kam die Basketball-Legende Kobe Bryant ums Leben? Bei einem Hubschrauberabsturz
80%
Von wem stammt der Song "Stayin’ Alive"? Bee Gees
74%
Welcher dieser Herren ist Ägypten zuzuordnen?
73%
Auf welchem Bild sehen wir Wagyū?
72%
Welcher Kontinent hat im Durchschnitt die jüngste Bevölkerung? Afrika
68%
Stand Ende Oktober 2025, für welchen Fussballverein spielt die Fussballerin Clàudia Pina? FC Barcelona
64%
Was ist das Jugendwort des Jahres 2025? Das crazy
62%
Welche Insel war ein Schauplatz des Ersten Punischen Krieges? Sizilien
54%
Welches Klima herrscht auf der Insel Bioko? Tropisch
53%
Wer malte um 1660 "Die Dienstmagd mit Milchkrug"? Jan Vermeer
47%
Wie viele Pflanzen in der gemässigten Klimazone sind auf Bienen als Bestäuber angewiesen? 64%
41%
Welcher dieser Charaktere aus South Park ist ein Stand-Up-Comedian?
36%
Wie lang ist Harry Potters Zauberstab? 11 Zoll
22%
Wie hiess "der Kopf" der Gruppe 47? Hans Werner Richter
21%
Keine übereinstimmenden Quizze gefunden
Verteilung der Resultate
Anzahl Personen mit jedem Resultat
Perzentil nach korrekt beantworteten Fragen
Ihre Resultats-Entwicklung
Sie haben dieses Quiz noch nicht gespielt